000 01421nam a2200349Ia 4500
001 ebr10346015
003 CaPaEBR
006 m u
007 cr cn|||||||||
008 090420s2009 njuaf sb 001 0 eng d
010 _z 2009015924
020 _z9780470197561 (cased)
020 _z0470197560 (cased)
040 _aCaPaEBR
_cCaPaEBR
035 _a(OCoLC)441886973
050 1 4 _aQR186.6.C37
_bC37 2009eb
245 0 0 _aCarbohydrate-based vaccines and immunotherapies
_h[electronic resource] /
_cedited by Zhongwu Guo, Geert-Jan Boons.
260 _aHoboken, N.J. ;
_aOxford, [UK] :
_bWiley,
_cc2009.
300 _axviii, 408 p., [8] p. of plates :
_bill. (some col.).
490 1 _aWiley series in drug discovery and development
504 _aIncludes bibliographical references and index.
533 _aElectronic reproduction.
_bPalo Alto, Calif. :
_cebrary,
_d2011.
_nAvailable via World Wide Web.
_nAccess may be limited to ebrary affiliated libraries.
650 0 _aCarbohydrates
_xImmunology.
650 0 _aVaccines.
650 0 _aGlycoconjugates
_xImmunology.
655 7 _aElectronic books.
_2local
700 1 _aGuo, Zhongwu.
700 1 _aBoons, Geert-Jan.
710 2 _aebrary, Inc.
830 0 _aWiley series in drug discovery and development.
856 4 0 _uhttp://site.ebrary.com/lib/rucke/Doc?id=10346015
_zAn electronic book accessible through the World Wide Web; click to view
999 _c48308
_d48308